00342 a2200121 450000500170000002000180001708200160003510000200005124500280007126000360009930000650013570000200020020250419072111.0 a0-02-303510-2 a808.066 AND aANDREWS, D. C.  aBusiness Communication  aNew York, bMacmillan, c1988.  axxvi, 623p., ill., figure, table, picture, bIndex, c24cm.  aANDREWS, W. D.